Catálogo

ARRITMIAS CARDIACAS (Registro nro. 38070)

Detalles MARC
000 -LEADER
fixed length control field 00495nam a2200181 a 4500
001 - CONTROL NUMBER
control field 38070
005 - DATE AND TIME OF LATEST TRANSACTION
control field 20230414123611.0
008 - FIXED-LENGTH DATA ELEMENTS--GENERAL INFORMATION
fixed length control field 140415s1997 000 0 spa d
020 ## - INTERNATIONAL STANDARD BOOK NUMBER
International Standard Book Number 9701011511
041 ## - LANGUAGE CODE
Language code of text/sound track or separate title spa
082 ## - DEWEY DECIMAL CLASSIFICATION NUMBER
Classification number 616.128
Item number ITU
100 1# - MAIN ENTRY--PERSONAL NAME
Personal name ITURRALDE TORRES, PEDRO
9 (RLIN) 14041
245 10 - TITLE STATEMENT
Title ARRITMIAS CARDIACAS
260 ## - PUBLICATION, DISTRIBUTION, ETC.
Place of publication, distribution, etc. [s.l.] :
Name of publisher, distributor, etc. MCGRAW-HILL/INTERAMERICANA EDITORES,
Date of publication, distribution, etc. 1997
300 ## - PHYSICAL DESCRIPTION
Extent 474
650 14 - SUBJECT ADDED ENTRY--TOPICAL TERM
Topical term or geographic name entry element ARRITMIA
General subdivision CORAZON
-- ENFERMEDADES
700 1# - ADDED ENTRY--PERSONAL NAME
Personal name COLIN LIZALDE, LUIS
Relator term coaut.
Existencias
Withdrawn status Lost status Source of classification or shelving scheme Damaged status Not for loan Collection code Home library Current library Shelving location Date acquired Source of acquisition Inventory number Total Checkouts Total Renewals Full call number Barcode Date last seen Date last checked out Price effective from Koha item type
    Dewey Decimal Classification     General Biblioteca Karol Wojtyla Biblioteca Karol Wojtyla Sala general 03/12/2013 Compra 151000000000000000002744 15 5 616.128 ITU 57304 05/01/2026 17/01/2024 03/12/2013 Libro